A study of Svātantrika
| Main Author: | |
|---|---|
| Format: | Print Book |
| Language: | English |
| Subito Delivery Service: | Order now. |
| Check availability: | HBZ Gateway |
| WorldCat: | WorldCat |
| Interlibrary Loan: | Interlibrary Loan for the Fachinformationsdienste (Specialized Information Services in Germany) |
| Published: |
Boulder
Snow Lion
2016
|
| In: | Year: 2016 |
| Standardized Subjects / Keyword chains: | B
Svātantrika
B Mādhyamika / Yogācāra |
| Further subjects: | B
Buddhism
B Svātantrika B Spring |
MARC
| LEADER | 00000cam a2200000 c 4500 | ||
|---|---|---|---|
| 001 | 848901665 | ||
| 003 | DE-627 | ||
| 005 | 20251224201444.0 | ||
| 007 | tu | ||
| 008 | 160303s2016 xxu||||| 00| ||eng c | ||
| 010 | |a 86014636 | ||
| 020 | |a 1559394552 |9 1-55939-455-2 | ||
| 020 | |a 9781559394550 |c paperback |9 978-1-55939-455-0 | ||
| 035 | |a (DE-627)848901665 | ||
| 035 | |a (DE-576)456250700 | ||
| 035 | |a (DE-599)BSZ456250700 | ||
| 035 | |a (OCoLC)908914333 | ||
| 035 | |a (OCoLC)908914333 | ||
| 040 | |a DE-627 |b ger |c DE-627 |e rda | ||
| 041 | |a eng | ||
| 044 | |c XD-US | ||
| 082 | 0 | |a 294.392 |q BSZ | |
| 084 | |a 6,24 |a 0 |2 ssgn | ||
| 084 | |a BE 8536 |2 rvk |0 (DE-625)rvk/159812: | ||
| 084 | |a 11.93 |2 bkl | ||
| 084 | |a 08.10 |2 bkl | ||
| 100 | 1 | |e VerfasserIn |0 (DE-588)129411442 |0 (DE-627)396072887 |0 (DE-576)164456856 |4 aut |a Lopez, Donald S. |c Jr. |d 1952- | |
| 109 | |a Lopez, Donald S. Jr. 1952- |a Lopez, Donald S. 1952- |a Lopez, Donald Sewell 1952- |a Lopez, Donald Sewell Jr. 1952- | ||
| 245 | 1 | 2 | |a A study of Svātantrika |c Donald S. Lopez, Jr. |
| 264 | 1 | |a Boulder |b Snow Lion |c 2016 | |
| 264 | 4 | |c ©1987 | |
| 300 | |a 483 Seiten |c 22 cm | ||
| 336 | |a Text |b txt |2 rdacontent | ||
| 337 | |a ohne Hilfsmittel zu benutzen |b n |2 rdamedia | ||
| 338 | |a Band |b nc |2 rdacarrier | ||
| 500 | |a Includes bibliographical references (pages 405- 474) and index | ||
| 583 | 1 | |a Archivierung/Langzeitarchivierung gewährleistet |f SSG |x XA-DE-BW |2 pdager |5 DE-16-77 | |
| 630 | 0 | 0 | |a Svātantrika |
| 650 | 0 | |a Buddhism | |
| 655 | 7 | |a Quelle |0 (DE-588)4135952-5 |0 (DE-627)105661236 |0 (DE-576)209665084 |2 gnd-content | |
| 689 | 0 | 0 | |d s |0 (DE-588)4725403-8 |0 (DE-627)365828882 |0 (DE-576)213267810 |2 gnd |a Svātantrika |
| 689 | 0 | |5 DE-101 | |
| 689 | 1 | 0 | |d s |0 (DE-588)4168446-1 |0 (DE-627)105417513 |0 (DE-576)209915609 |2 gnd |a Madhjamika-Schule |
| 689 | 1 | 1 | |d s |0 (DE-588)4292654-3 |0 (DE-627)104205172 |0 (DE-576)21089671X |2 gnd |a Yogācāra |
| 689 | 1 | |5 DE-101 | |
| 935 | |a mteo | ||
| 935 | |i Blocktest | ||
| 936 | r | v | |a BE 8536 |b Mahāyāna, Einzelfragen |k Theologie und Religionswissenschaften |k Religionswissenschaft |k Religionsgeschichte |k Buddhismus |k Lehren des Buddhismus |k Schulen des Buddhismus |k Mahāyāna, Einzelfragen |0 (DE-627)1541253957 |0 (DE-625)rvk/159812: |0 (DE-576)471253952 |
| 936 | b | k | |a 11.93 |j Buddhismus |0 (DE-627)106415336 |
| 936 | b | k | |a 08.10 |j Nichtwestliche Philosophie: Allgemeines |0 (DE-627)106415247 |
| 951 | |a BO | ||
| ELC | |b 1 | ||
| LOK | |0 000 xxxxxcx a22 zn 4500 | ||
| LOK | |0 001 442668689X | ||
| LOK | |0 003 DE-627 | ||
| LOK | |0 004 848901665 | ||
| LOK | |0 005 20231219173811 | ||
| LOK | |0 008 231205||||||||||||||||ger||||||| | ||
| LOK | |0 040 |a DE-Tue135 |c DE-627 |d DE-Tue135 | ||
| LOK | |0 092 |o n | ||
| LOK | |0 852 |a DE-Tue135 | ||
| LOK | |0 852 1 |9 00 | ||
| LOK | |0 935 |a hdsa | ||
| LOK | |0 939 |a 05-12-23 |b l01 | ||
| ORI | |a SA-MARC-ixtheoa001.raw | ||
| REL | |a 1 | ||
| STA | 0 | 0 | |a Mādhyamika,Central philosophy,Middle doctrine school,Chugan shiso,Sunyavada,Svātantrika,Yogācāra,Yogachara School,Vijñaptimātratā |
| STB | 0 | 0 | |a Mādhyamaka,Mâdhyamaka,Mâdhyamaka,Svātantrika,Yogācāra,Yogâcâra,Yogâcâra |
| STC | 0 | 0 | |a Escuela Madhyamaka,Svatantrika,Yogacara |
| STD | 0 | 0 | |a Madhyamaka,Madhyamika,Madhyamika,Svātantrika,Yogācāra,Vijnanavada,Vijnanavada |
| STE | 0 | 0 | |a 中观学派,瑜伽行派,唯识宗,唯识派 |
| STF | 0 | 0 | |a 中觀學派,瑜伽行派,唯識宗,唯識派 |
| STG | 0 | 0 | |a Escola Madhyamaka,Ioga,Svatantrika |
| STH | 0 | 0 | |a Йогачара,Мадхьямика,Сватантрика |
| STI | 0 | 0 | |a Svātantrika,Γιογκακάρα,Yogācāra,Σχολή Μαντιαμίκα |
| SUB | |a REL | ||
| SYG | 0 | 0 | |a Madhyamaka,Mādhyamika,Shūnyatāvāda,Śūnyatāvāda,Śūnyavāda,Dbu ma , Yogācāra-Schule,Jogatschara-Schule,Yogācārya,Yogāchārya,Yogāchāra,Vijñānavāda,Mind-only-School,Nur-Bewußtseinsschule,Vijñaptimātratā,Vijñaptimātra |



